[Event "ST-2013-0-00112"]
[Site "LSS email"]
[Date "2013.08.24"]
[Round "?"]
[White "Mueller Alves, Martin"]
[Black "Dutra Neto, Alfredo Carlos S"]
[Result "1/2-1/2"]
[WhiteElo "2321"]
[BlackElo "2385"]
[PlyCount "80"]
[EventDate "2013.06.19"]
[EventType "tourn (corr)"]
[EventRounds "6"]
[EventCountry "GER"]
[SourceTitle "Telechess CBM 167"]
[Source "ChessBase"]
[SourceDate "2015.07.13"]
[SourceVersion "1"]
[SourceVersionDate "2015.07.13"]
[SourceQuality "1"]

1. e4 c5 2. Nf3 d6 3. d4 cxd4 4. Nxd4 Nf6 5. Nc3 a6 6. Be3 e5 7. Nb3 Be7 8. f3 Be6 9. Qd2 Nbd7 10. g4 Rc8 11. 0-0-0 b5 12. g5 Nh5 13. Nd5 Bxd5 14. exd5 Nb6 15. Na5 Nxd5 16. Qxd5 Qxa5 17. Bh3 Rc4 18. Qa8+ Qd8 19. Qxa6 0-0 20. Qxb5 Qc7 21. Bb6 Rxc2+ 22. Kb1 Qc4 23. a4 Rb8 24. Bd7 d5 25. Qxc4 Rxc4 26. Be3 Rcb4 27. Bb5 Nf4 28. Bxf4 Rxf4 29. Rxd5 Bxg5 30. Rxe5 Bf6 31. Re3 g6 32. Rd1 Kg7 33. Rd7 h5 34. Ka2 g5 35. Ka3 Rh4 36. Re2 Rf4 37. Bc6 Rfb4 38. Rdd2 Rc4 39. Bd5 Rc7 40. Rd3 Be7+ 1/2-1/2

[Event "LSS-Remote email"]
[Site "Remote email"]
[Date "2013.02.10"]
[Round "?.4"]
[White "Willert Betker, Sabine"]
[Black "Dutra Neto, Alfredo Carlos S"]
[Result "1-0"]
[WhiteElo "2394"]
[BlackElo "2465"]
[PlyCount "121"]
[EventDate "2013.??.??"]
[EventType "team-match (corr)"]
[EventRounds "2"]
[EventCountry "GER"]
[SourceTitle "Corr 2015"]
[Source "ChessBase"]
[SourceDate "2015.07.17"]
[SourceVersion "1"]
[SourceVersionDate "2015.07.17"]
[SourceQuality "1"]
[WhiteTeam "Remote"]
[BlackTeam "LSS"]

1. e4 e6 2. d4 d5 3. Nc3 Bb4 4. e5 c5 5. a3 Bxc3+ 6. bxc3 Qc7 7. Qg4 f6 8. Nf3 c4 9. Be2 Nc6 10. Qg3 Qf7 11. 0-0 Nge7 12. Nh4 g5 13. Nf3 Nf5 14. Qh3 h5 15. g4 Nh4 16. exf6 hxg4 17. Qxg4 e5 18. Qg3 Nxf3+ 19. Bxf3 g4 20. Bd1 Be6 21. dxe5 Rh3 22. Qg2 Nxe5 23. Bxg4 Bxg4 24. Re1 Qxf6 25. Qxg4 Kf7 26. Qxh3 Rh8 27. Bg5 Qxg5+ 28. Qg3 Nf3+ 29. Kf1 Qxg3 30. hxg3 Nxe1 31. Rxe1 Rh6 32. Ke2 Ra6 33. Ke3 Re6+ 34. Kd2 Rf6 35. f4 Rg6 36. Rg1 Rh6 37. Rg2 Ra6 38. Ke3 Rxa3 39. Kd4 a5 40. Rh2 Ra1 41. Rh7+ Ke6 42. Rxb7 Rd1+ 43. Ke3 Re1+ 44. Kf3 Rf1+ 45. Kg4 Rf2 46. Rb2 a4 47. Ra2 Kf6 48. Rxa4 Rxc2 49. Ra6+ Ke7 50. Ra3 Rb2 51. f5 Rb3 52. Ra7+ Kd6 53. f6 d4 54. cxd4 c3 55. Ra2 Rb2 56. Ra8 Rf2 57. Kg5 c2 58. Ra1 Ke6 59. Re1+ Kd5 60. g4 Rf3 61. Rc1 1-0

[Event "CP-2007-F-00001"]
[Site "LSS email"]
[Date "2011.10.01"]
[Round "?"]
[White "Dutra Neto, Alfredo Carlos S"]
[Black "Miettinen, Kristo S"]
[Result "1/2-1/2"]
[WhiteElo "2403"]
[BlackElo "2228"]
[PlyCount "91"]
[EventDate "2011.10.01"]
[EventType "tourn (corr)"]
[EventRounds "16"]
[EventCountry "GER"]
[SourceTitle "Telechess CBM 159"]
[Source "ChessBase"]
[SourceDate "2014.03.17"]
[SourceVersion "1"]
[SourceVersionDate "2014.03.17"]
[SourceQuality "1"]

1. d4 Nf6 2. c4 e6 3. Nc3 Bb4 4. Nf3 d5 5. e3 0-0 6. Be2 c5 7. 0-0 Nc6 8. dxc5 Bxc5 9. cxd5 exd5 10. b3 Be6 11. Bb2 Qe7 12. a3 Rfd8 13. Na4 Bd6 14. b4 Ne4 15. Rc1 Rac8 16. Nd4 Bd7 17. Nb5 Bb8 18. Nc5 a6 19. Nd4 Nxc5 20. Rxc5 Qd6 21. g3 Ba7 22. Nxc6 Bxc6 23. Rc1 d4 24. Bxd4 Bxd4 25. Qxd4 Qxd4 26. exd4 Rxd4 27. Bf3 Rd3 28. Bxc6 Rxc6 29. Rxc6 bxc6 30. a4 Kf8 31. Rc1 Rd6 32. Kf1 Ke7 33. Rc5 Kd7 34. Rf5 Ke7 35. Ke2 Rd4 36. Ra5 Rxb4 37. Rxa6 Rb2+ 38. Ke3 Rb3+ 39. Ke4 Rb4+ 40. Kd3 Rb3+ 41. Kc4 Rf3 42. Rxc6 Kd7 43. Rc5 Rxf2 44. Rh5 h6 45. Kc5 Ra2 46. Rh4 1/2-1/2